Lippincott NCLEX-PN alternate format questions / (Record no. 20576)
[ view plain ]
| 000 -LEADER | |
|---|---|
| fixed length control field | 01735cam a22002655a 4500 |
| 001 - CONTROL NUMBER | |
| control field | 17985876 |
| 005 - DATE AND TIME OF LATEST TRANSACTION | |
| control field | 20151111131609.0 |
| 008 - FIXED-LENGTH DATA ELEMENTS--GENERAL INFORMATION | |
| fixed length control field | 131227t2015 paua fr 000 0 eng d |
| 020 ## - INTERNATIONAL STANDARD BOOK NUMBER | |
| International Standard Book Number | 9781469845357 |
| 020 ## - INTERNATIONAL STANDARD BOOK NUMBER | |
| International Standard Book Number | 1469845350 |
| 040 ## - CATALOGING SOURCE | |
| Original cataloging agency | DNLM/DLC |
| Transcribing agency | DLC |
| Modifying agency | DLC |
| -- | EG-ScBUE |
| Language of cataloging | eng |
| 082 04 - DEWEY DECIMAL CLASSIFICATION NUMBER | |
| Classification number | 610.730693076 |
| Edition number | 22 |
| Item number | RUP |
| 100 1# - MAIN ENTRY--PERSONAL NAME | |
| Personal name | Rupert, Diana L. |
| 9 (RLIN) | 38722 |
| 245 10 - TITLE STATEMENT | |
| Title | Lippincott NCLEX-PN alternate format questions / |
| Statement of responsibility, etc | Diana L. Rupert. |
| 246 30 - VARYING FORM OF TITLE | |
| Title proper/short title | NCLEX-PN alternate format questions |
| 250 ## - EDITION STATEMENT | |
| Edition statement | 3rd ed. |
| 260 ## - PUBLICATION, DISTRIBUTION, ETC. (IMPRINT) | |
| Place of publication, distribution, etc | Philadelphia : |
| Name of publisher, distributor, etc | Wolters Kluwer Health, |
| Date of publication, distribution, etc | c.2015. |
| 300 ## - PHYSICAL DESCRIPTION | |
| Extent | vii, 302 p. : |
| Other physical details | ill. ; |
| Dimensions | 26 cm. |
| 500 ## - GENERAL NOTE | |
| General note | Preceded by: NCLEX-PN 250 new-format questions. 2nd ed. 2006. |
| 520 ## - SUMMARY, ETC. | |
| Summary, etc | "The new 3rd edition of Lippincott's NCLEX-PN Alternate-Format Questions helps you prepare with confidence for every type of question on the NCLEX exam. This new edition addresses all the alternate-format question types--multiple-response questions, fill-in-the-blank questions, exhibit/chart questions, drag and drop questions, "hot spot" questions, graphic option questions, and audio questions (online only)--in the same style and format as those used on the current NCLEX-PN test plan. Each question also has a critical thinking test-taking strategy and the applicable integrated process. Fully updated, and with more than 400 questions - including a 120-question comprehensive exam that contains 25% alternate format questions - this essential study resource provides more questions than any other NCLEX book of its kind!"--Provided by publisher. |
| 650 #7 - SUBJECT ADDED ENTRY--TOPICAL TERM | |
| Topical term or geographic name as entry element | Practical nursing |
| Geographic subdivision | United States |
| Form subdivision | Examination Questions. |
| Source of heading or term | BUEsh |
| 9 (RLIN) | 38723 |
| 651 ## - SUBJECT ADDED ENTRY--GEOGRAPHIC NAME | |
| Source of heading or term | BUEsh |
| 653 ## - INDEX TERM--UNCONTROLLED | |
| Resource For college | Nursing |
| Arrived date list | August2015 |
| -- | November2015 |
| 942 ## - ADDED ENTRY ELEMENTS (KOHA) | |
| Source of classification or shelving scheme | Dewey Decimal Classification |
| Withdrawn status | Lost status | Source of classification or shelving scheme | Damaged status | Not for loan | Koha collection | Home library | Current library | Shelving location | Date acquired | Source of acquisition | Cost, normal purchase price | Serial Enumeration / chronology | Total Checkouts | Total Renewals | Full call number | Barcode | Date last seen | Date last borrowed | Cost, replacement price | Koha item type |
|---|---|---|---|---|---|---|---|---|---|---|---|---|---|---|---|---|---|---|---|---|
| Dewey Decimal Classification | Baccah | Central Library | Central Library | First floor | 18/08/2015 | Purchase | 323.00 | 21764 | 6 | 70 | 610.730693076 RUP | 000039796 | 15/07/2025 | 24/07/2023 | 404.00 | Book - Borrowing |